| 000 | 00797cab a2200265 4500 | ||
|---|---|---|---|
| 001 | WB3132-51 | ||
| 008 | 090401t1995 xxu||||| |||| 00| 0 eng d | ||
| 035 | _a(Sirsi) u57386 | ||
| 041 | _aeng | ||
| 245 | _aViews on listing sought | ||
| 260 | _c1995 | ||
| 350 | _a0 | ||
| 490 |
_aDepartment of National Heritage News Release _v(133/95) 23 August 1995 (3) |
||
| 520 | _aOpinions from the general public are sought about the listing of four post-war buildings. | ||
| 650 | _aCHICHESTER THEOLOGICAL COLLEGE | ||
| 650 | _aGILLETT HOUSE | ||
| 650 | _aHISTORIC BUILDINGS | ||
| 650 | _aHOPWOOD HALL COLLEGE | ||
| 650 | _aLISTED BUILDINGS | ||
| 650 | _aRICHMOND SWIMMING BATHS | ||
| 650 | _aST MARYS SCHOOL | ||
| 690 | _aPLANNING LAW AND PRACTICE | ||
| 942 | _n0 | ||
| 948 | _c04/03/1997 | ||
| 999 |
_c34985 _d34985 |
||